Zwycięzcy Ligi Mistrzów - Statystyki

Ogólne statystyki
  • Ten quiz został rozwiązany 669 razy
  • Średni wynik to 13 z 22
Statystyki odpowiedzi
Wygrane
Drużyna % Poprawnych
14 Real Madryt
99%
5 FC Barcelona
97%
6 Liverpool
90%
6 Bayern Monachium
89%
2 Chelsea
87%
3 Manchester United
85%
7 A.C. Milan
84%
3 Inter Mediolan
82%
2 Juventus
73%
4 AFC Ajax
66%
2 Porto
66%
1 Borussia Dortmund
65%
2 SL Benfica
51%
2 Nottingham Forest
46%
1 Aston Villa
37%
1 Celtic
37%
1 Hamburger SV
31%
1 Feyenoord
30%
1 FK Crvena zvezda
28%
1 FCSB
26%
1 Olympique Marsylia
23%
1 PSV Eindhoven
18%
Nie znaleziono quizów pasujących do podanych kryteriów
Rozkład punktacji
Procent ludzi z każdym wynikiem
Percentyl według liczby udzielonych odpowiedzi
Twoja historia wyników
Nie rozwiązałeś tego quizu